000 00410nam a2200181Ia 4500
005 20240823011432.0
008 240823s9999||||xx |||||||||||||| ||und||
041 _aENGLISH
082 _A5.3
100 _a"Marron,Jamie"
245 0 _aSmart Words
250 _a1st
260 _b"Addison-Wesley,Menlo"
500 _aTRANSFERED
650 _aWord
_bComputer Applications
942 _cBK
999 _c161526
_d161526